00465cam a2200157ua 45000010005000000080039000050400009000440820008000531000022000612450091000832500009001742600038001833000017002216530014002386530055002522877110913n ii |||gr||||Z||||||asm cMAIN a9201 aBaruah, Usharani,11aHemchandra Barua aru Gunabhiram Barua : bKriti aru kritittwa / cby Usharani Baruah  a1st. aDhemaji:bKiran Prakashan,c2006. a200p:c23cm. aBiography aBiography of Hemchandra Barua aru Gunabhiram Barua